| 000 | 00707nam a2200253Ia 4500 | ||
|---|---|---|---|
| 003 | OSt | ||
| 005 | 20220918164647.0 | ||
| 006 | a|||||r|||| 00| 0 | ||
| 007 | ta | ||
| 008 | 220917b |||||||| |||| 00| 0 eng d | ||
| 020 | _a0710004346 (hbk) | ||
| 024 | _a148,006 | ||
| 037 | _cTextual | ||
| 040 |
_aARTS _cARTS _beng |
||
| 041 |
_2eng _aeng |
||
| 082 | _aQ41:233, 1511L9 | ||
| 245 | 0 | _aKathavatthu edited by Arnold C Talylor | |
| 260 |
_aLondon _bThe Pali society _c1979 |
||
| 300 |
_a2v _ccm. |
||
| 490 | _aPali text society /text series; 48,49. Original text in roman script | ||
| 650 | _aRELIGION | ||
| 942 |
_hQ41:233, 1511L9 _cTEXL _2CC |
||
| 999 |
_c125817 _d125817 |
||